In welchem europäischen Land liegt diese Stadt? - Klick-Quiz - Statistiken

Allgemein
  • Dieses Quiz wurde 105 mal gespielt
  • Das Durchschnittsergebnis liegt bei 19 aus 30
Antwortstatistiken
Hint Antwort % Korrekt
Brügge Belgien
91%
Reims Frankreich
89%
Parma Italien
87%
Coventry Vereinigtes Königreich
87%
Nancy Frankreich
85%
Como Italien
85%
Dundee Vereinigtes Königreich
85%
Örebro Schweden
83%
Patras Griechenland
79%
Groningen Niederlande
78%
Santander Spanien
78%
Płock Polen
77%
Steyr Österreich
75%
Udine Italien
72%
Swindon Vereinigtes Königreich
72%
Lahti Finnland
69%
Angers Frankreich
63%
Lublin Polen
62%
Kielce Polen
61%
Kuopio Finnland
57%
Ioannina Griechenland
52%
Krems Österreich
48%
Breda Niederlande
46%
Konstanza Rumänien
44%
Lleida Spanien
40%
Sint-Truiden Belgien
39%
Syrakus Italien
37%
Orenburg Russland
29%
Tula Russland
26%
Uster Schweiz
17%
Keine übereinstimmenden Quizze gefunden
Verteilung der Resultate
Anzahl Personen mit jedem Resultat
Perzentil nach korrekt beantworteten Fragen
Ihre Resultats-Entwicklung
Sie haben dieses Quiz noch nicht gespielt